Recherches sur L' "Imperium". La loi curiate et les auspices d'investiture.

Saved in:
Bibliografiske detaljer
Hovedforfatter: Magdelain, André, 1917-1993
Format: Bog
Sprog:fransk
Udgivet: Paris, France: Presses Universitaires de France, 1968.
Serier:Travaux et Recherches de la Faculté de Droit et des Sciences Economiques de Paris. Sciences Historiques, 12.
Fag:
Tags: Tilføj Tag
Ingen Tags, Vær først til at tagge denne postø!

MARC

LEADER 00000nam a2200000 a 4500
001 UCS2205
003 CL-VaPUC
005 20220822114331.0
008 970523e19680000FR |||||||||||||||||fre|d
999 |c 260183  |d 260181 
040 |c Pontificia Universidad Católica de Valparaíso 
082 0 4 |a 340.54 MAG 1968   |2 21 
100 |a Magdelain, André,  |9 476324  |d 1917-1993 
245 1 0 |a Recherches sur L' "Imperium".   |b La loi curiate et les auspices d'investiture.  
260 |a Paris, France:   |b Presses Universitaires de France,   |c 1968.  
300 |a 73 páginas.  
490 0 |a Travaux et Recherches de la Faculté de Droit et des Sciences Economiques de Paris. Sciences Historiques, 12. 
500 |a c.2 Donación Familia Prof. Alejandro Guzmán Brito. 
583 |a last modification  |c 19970523 00:00:00  |k Rodrigo Vera 
650 0 |a Derecho romano  |9 255930 
650 0 |a Sistemas políticos  |2 CL-VaPUC  |9 258602  |z Roma 
942 |c BK  |2 ddc  |n 0 
945 |d 19970523 00:00:00  |a paguirre 
952 |0 0  |1 0  |4 0  |6 340_540000000000000_MAG_1968  |7 0  |8 DER_ROM  |9 286068  |a BIBDER  |b BIBDER  |d 2019-11-19  |i 185951K  |o 340.54 MAG 1968  |p 185951K  |r 2023-01-25  |w 2019-11-19  |x Ubicación 4to piso  |y BK  |z Este recurso debe solicitarse con anticipación  |k DER